000 00273nam a2200109Ia 4500
008 180219s9999 xx 000 0 und d
020 _a605634433
100 _aHillerman, Tony
245 _aSkeleton man /
260 _aCanada :
_bAcid free papre
_c2004
300 _a238 pages
999 _c355934
_d355934